| 000 | 00361nam a22001451a 4500 | ||
|---|---|---|---|
| 082 |
_aM1 _bJPV/U |
||
| 100 | _aJ P Velamanoor | ||
| 245 |
_aUjwala jwala/ _cby J P Velamanoor |
||
| 260 |
_aPoothakkulam: _bPrakriti Jeevanakendram, _c2007. |
||
| 300 | _a66p. | ||
| 650 | _aPoetry Malayalam | ||
| 650 | _aLiterature Malayalam | ||
| 650 | _aLiterature | ||
| 942 | _cBK | ||
| 999 |
_c47961 _d47961 |
||